Muscles of the lower limb #1 - Statistics

General Stats
  • This quiz has been taken 241 times
    220 since last reset
  • The average score is 10 of 16
Answer Stats
Hint Answer % Correct
Name the strongest flexor of the knee joint Hamstrings
85%
Name the strongest extensor of the hip joint Gluteus maximus
83%
Which nerve supplies the anterior compartment of the thigh? The femoral
76%
Name the strongest plantarflexor of the foot Triceps surae
72%
Name the strongest extensor of the knee joint Quadriceps
71%
Name the strongest adductor of the thigh Adductor magnus
70%
Which nerve supplies the posterior compartment of the thigh? The sciatic
70%
Name the strongest dorsiflexor of the foot Tibialis anterior
67%
Which nerve supplies the medial compartment of the thigh? The obturator
65%
Which artery supplies the posterior compartment of the leg proper? The posterior tibial/fibular
63%
Name the strongest flexor of the hip joint Iliopsoas
60%
Name the strongest abductor of the thigh Gluteus medius
58%
Which artery supplies the lateral compartment of the leg proper? Perforating branches of the fibular
58%
Name the strongest inverter of the foot Tibialis posterior
43%
Name the strongest everter of the foot Fibularis longus
42%
Which artery supplies the anterior compartment of the leg proper? The anterior tibial
27%
No matching quizzes found
Score Distribution
Percent of People with Each Score
Percentile by Number Answered
Your Score History
You have not taken this quiz since the last reset